000
00334 a2200157 4500
001
162164
020
_a
040
_c
Magnum
100
_a
Luz, Ivam
240
1
0
_a
Bombaboa a bomba que tinha coracao
_l
por
245
1
0
_a
Bombaboa a bomba que tinha coracao
362
0
_a
1899
440
1
_a
LĂȘ
697
_a
I/GERAL
942
_c
BK
999
_c
162164
_d
162164